Advances in Databases and Information Systems 10th East European Conference, ADBIS 2006 / Advances in Databases and Information Systems

Gespeichert in:
Bibliographische Detailangaben
Weitere Verfasser: Manolopoulos, Yannis (Herausgegeben von), Pokorný, Jaroslav (Herausgegeben von), Sellis, Timos (Herausgegeben von)
Format: Buch
Sprache:Englisch
Veröffentlicht: Berlin Springer 2006
Tags: Tag hinzufügen
Keine Tags, Fügen Sie das erste Tag hinzu!

MARC

LEADER 00000nam a22000003a 4500
001 0094368
003 SK-STU
005 20220313191555.1
007 ta
008 220307s ----xo-----e------100-0-----d
020 |a 3-540-37899-5 
040 |a STU  |b slo 
041 0 |a eng 
044 |a gw 
245 1 0 |a Advances in Databases and Information Systems  |b 10th East European Conference, ADBIS 2006 /  |c ed. Yannis Manolopoulos, Jaroslav Pokorný, Timos Sellis  |p Advances in Databases and Information Systems 
260 |a Berlin  |b Springer  |c 2006 
300 |a 448 s. 
700 1 |a Manolopoulos, Yannis  |4 edt 
700 1 |a Pokorný, Jaroslav  |4 edt 
700 1 |a Sellis, Timos  |4 edt 
996 |c I*Z13473  |d Advances in Databases and Information Systems  |l I  |s A  |a 24  |w 0094368_0001